Loading...
| Beliefs | 6 | 11.67 | 1,200% | 300% | 200% |
| Current Events | 2 | 20.00 | 1,800% | 600% | 300% |
| Fine Arts - Auditory | 3 | 10.00 | 0% | 200% | 400% |
| Fine Arts - Visual | 3 | 13.33 | 0% | 400% | 400% |
| Geography | 1 | 20.00 | 0% | 600% | 600% |
| History - American | 1 | 10.00 | 0% | 600% | 0% |
| History - European | 2 | 15.00 | 1,800% | 600% | 0% |
| History - World | 2 | 20.00 | 3,600% | 300% | 300% |
| Literature - American | 5 | 16.00 | 1,440% | 120% | 600% |
| Literature - British | 2 | 20.00 | 3,600% | 300% | 300% |
| Literature - European | 3 | 13.33 | 0% | 400% | 400% |
| Other Academic | 1 | 20.00 | 3,600% | 600% | 0% |
| Other Arts: Auditory | 3 | 20.00 | 3,600% | 400% | 200% |
| Other Arts: Visual | 1 | 20.00 | 0% | 600% | 600% |
| Other Science: Earth Science | 1 | 0.00 | 0% | 0% | 0% |
| Other Science: Math | 1 | 20.00 | 0% | 600% | 600% |
| Philosophy | 2 | 10.00 | 0% | 300% | 300% |
| Science - Biology | 2 | 15.00 | 1,800% | 300% | 300% |
| Science - Chemistry | 2 | 10.00 | 0% | 300% | 300% |
| Science - Physics | 2 | 10.00 | 0% | 300% | 300% |
| Social Science | 5 | 12.00 | 1,440% | 240% | 240% |
| 8 | 13.75 | 1,350% | 450% | 150% |